000 00490nam a2200181Ia 4500
005 20250326125629.0
008 250326s9999 xx 000 0 und d
037 _aTextbook
040 _aFMSL
_beng
_cFMSL
041 _aeng
_2eng
084 _aX* K2;L3
_qFMSL
100 _aKerr C
_9126411
245 0 _aIndustrialism and industrial man
_cKerr C
260 _aEngland
_bEngland, Penguin Books
_c1973
300 _a339p
942 _cTB
_hX* K2;L3
999 _c1278863
_d1278863